| 000 | 00764nam a22002297a 4500 | ||
|---|---|---|---|
| 003 | 0 | ||
| 005 | 20250827100126.0 | ||
| 008 | 250827b xxu||||| |||| 00| 0 eng d | ||
| 020 | _a979-8-765-10461-3 | ||
| 050 |
_aPN 1996 _b.G85 2024 |
||
| 100 |
_aGulino, Paul Joseph, _eauthor. |
||
| 245 |
_aScreenwriting : _bthe sequence approach / _cPaul Joseph Gulino. |
||
| 250 | _aSecond edition. | ||
| 260 |
_aNew York, NY : _bBloomsbury Academic, _c2024. |
||
| 300 |
_axii, 276 pages : _billustrations ; _c22 cm. |
||
| 504 | _aIncludes bibliographical references and index. | ||
| 650 | _aMotion picture authorship. | ||
| 650 |
_aMotion picture plays _xTechnique. |
||
| 650 | _aScreenplay writing. | ||
| 650 |
_aMotion pictures _xPlots, themes, etc. |
||
| 942 |
_2lcc _cBK |
||
| 999 |
_c367629 _d367629 |
||